would you love me now - Joshua Bassett (all lyrics) - Statistics

General Stats
  • This quiz has been taken 112 times
  • The average score is 298 of 361
Answer Stats
Lyrics % Correct
Verse I
100%
would
96%
Would
96%
a
94%
me
94%
me,
94%
me?
94%
you
94%
Bridge You
94%
the
92%
to
92%
do
90%
I’d
90%
let
90%
love
90%
now?
90%
Take
90%
at
88%
in
88%
still
88%
that
88%
your
88%
away?
86%
away
86%
Chorus If
86%
if
86%
doorstep,
84%
doorstep
84%
I’m
84%
Oh
84%
Oh.
84%
showed
84%
up
84%
we
84%
Verse We
84%
when
84%
woah
84%
again,
82%
are
82%
be
82%
eyes
82%
LA?
82%
letter
82%
never
82%
same?
82%
were
82%
we’re
82%
wrote
82%
back
80%
but
80%
But
80%
going
80%
home
80%
home,
80%
leave
80%
rather
80%
so
80%
So
80%
swore
80%
way,
80%
all
78%
darling
78%
Or
78%
or
78%
see
78%
stranger
78%
turn
78%
young
78%
‘Cause
76%
live
76%
say
76%
send
76%
whose
76%
Whose
76%
and
73%
And
73%
tell
73%
what
71%
got
69%
of
69%
can’t
67%
care
67%
passing
65%
it
63%
meant
63%
really
63%
Pasadena,
61%
things
61%
stay
57%
on
55%
think
55%
us,
55%
day
53%
day?
53%
help
53%
wore
53%
both
51%
Converse
51%
honest,
51%
met
51%
touch
51%
After
49%
being
49%
everything,
49%
everything
49%
not
49%
that’s
49%
reasons
47%
promise
45%
know
43%
made
43%
out
43%
ourselves
39%
running
39%
asked
37%
fly
37%
with
37%
for
35%
one
33%
more
31%
No matching quizzes found
Score Distribution
Percent of People with Each Score
Percentile by Number Answered
Your Score History
You have not taken this quiz